000 00222nam a22001097a 4500
041 _aeng
080 _a80
100 _aNolasco, Rob
245 _aWindow on the World. W/B. 1.
650 _aEnglish Practice
999 _c280440
_d280440
942 _cBK